书目信息 |
| 书名: | Lilies, or, The revival of a romantic drama | |
| 作者: | Michel Marc Bouchard ; translated by Linda Gaboriau. | |
| 分册号: | ||
| 分册名: | 出版地: | Toronto : |
|
| 出版社: | Playwrights Canada Press | |
| 出版时间: | c1990 (1997 printing). | |
| 页数: | 69 p. ; | |
| 开本: | 23 cm. | |
| 丛书名: | ||
| 中图分类号: | ||
| 科图分类号: | ||
| 其他分类号: | J897.12 | |
| 主题词: | ||
| 电子资源: | ||
| 000 | 01266nam a2200337 a 450 | |
| 001 | E0761940700 | |
| 005 | 20070709171922.78 | |
| 008 | 980618r19901987onc 000 0 eng | |
| 010 | @a98162100 | |
| 020 | @a0887545459. | |
| 035 | @a(OCoLC)37981807 | |
| 035 | @A(DLC) 98162100 | |
| 040 | @aCaOTU@beng@cNLC@dDLC | |
| 041 | 1 | @aeng@hfre |
| 042 | @alccopycat | |
| 050 | 04 | @aPQ3919.S.B5855@bF4513 1990 |
| 082 | 00 | @a842@2 21 |
| 090 | @aJ897.12 | |
| 099 | @dJ897.12@ex66 | |
| 100 | 1 | @aBouchard, Michel Marc,@d1958- |
| 240 | 10 | @aFeluettes, ou, La re?pe?tition d’un drame romantique.@lEnglish |
| 245 | 10 | @aLilies, or, The revival of a romantic drama / @cMichel Marc Bouchard ; translated by Linda Gaboriau. |
| 246 | 30 | @aRevival of a romantic drama |
| 246 | 30 | @aLilies |
| 260 | @aToronto :@bPlaywrights Canada Press,@cc1990 (1997 printing). | |
| 300 | @a69 p. ;@c23 cm. | |
| 700 | 1 | @aGaboriau, Linda. |
| 906 | @a7@bcbc@ccopycat@d3@encip@f19@gy-gencatlg | |
| 922 | @aap | |
| 955 | @anb05 6/18/98 to HLCD; lj15/09 to subj 07-23-98; lh06 to Romance for PQ; returned to lj15 for NAR lf07 08-11-98; lj15 08-12-98 ret. to Romance after NAR done; lf07 09-03-98; lg15 09-30-98 | |
| 991 | @bc-GenColl@hPQ3919.S.B5855@iF4513 1990@tCopy 1@wBOOKS | |
| Lilies, or, The revival of a romantic drama / / Michel Marc Bouchard ; translated by Linda Gaboriau.-Toronto : : Playwrights Canada Press, , c1990 (1997 printing). |
| 69 p. ; ; 23 cm. |
| ISBN 0887545459. |
| ● |
| 相关链接 |
|
|
|
|
正题名:Lilies, or, The revival of a romantic drama
索取号:J897.12/x66
 
预约/预借
| 序号 | 登录号 | 条形码 | 馆藏地/架位号 | 状态 | 备注 |
| 1 | 0011738 | 300117380 | 第二样本阅览室/ [索取号:J897.12/x66] | 在馆 |